Normal view MARC view

Entry Personal Name

Number of records used in: 1

001 - CONTROL NUMBER

  • control field: 8618

003 - CONTROL NUMBER IDENTIFIER

  • control field: DLC

005 - DATE AND TIME OF LATEST TRANSACTION

  • control field: 20210701133430.0

008 - FIXED-LENGTH DATA ELEMENTS

  • fixed length control field: 800819n| acannaab |a aaa

010 ## - LIBRARY OF CONGRESS CONTROL NUMBER

  • LC control number: n 80099080

040 ## - CATALOGING SOURCE

  • Original cataloging agency: DLC
  • Transcribing agency: DLC
  • Modifying agency: DLC

100 1# - HEADING--PERSONAL NAME

  • Personal name: Gilbert, Linda,
  • Dates associated with a name: 1948-

400 1# - SEE FROM TRACING--PERSONAL NAME

  • Personal name: Gilbert, Linda P.,
  • Dates associated with a name: 1948-

670 ## - SOURCE DATA FOUND

  • Source citation: Gilbert, J. D. College algebra, 1981 (a.e.)
  • Information found: CIP t.p. (Linda P. Gilbert) book t.p. (Linda Gilbert, Louisiana Tech. Univ.)

670 ## - SOURCE DATA FOUND

  • Source citation: Her Intermediate algebra, c1983:
  • Information found: CIP t.p. (Linda Gilbert) data sheet (b. 5/17/48)

Powered by Koha